Los jóvenes: participación social y creación de ciudadanía

Guardat en:
Dades bibliogràfiques
Autor principal: Mettifogo Guerrero, Decio
Format: Text
Publicat: s.l: Organización Panamericana de la Salud. Organización Mundial de la Salud
Matèries:
Etiquetes: Afegir etiqueta
Sense etiquetes, Sigues el primer a etiquetar aquest registre!

MARC

LEADER 00000 a a2200000 04500
001 11613
003
040
090 |a 140100  
100 |a Mettifogo Guerrero, Decio  
245 |a Los jóvenes: participación social y creación de ciudadanía  
260 |a s.l:   |b Organización Panamericana de la Salud. Organización Mundial de la Salud  
300 |a 44 p.  
300 |b **no definido**  
650 |a JUVENTUD  
650 |a PARTICIPACION SOCIAL  
650 |a POLITICA  
650 |a ESTADO  
650 |a INVESTIGACION  
650 |a COMPORTAMIENTO SOCIAL  
650 |a VALORES SOCIALES  
650 |a CULTURA  
650 |a DEMOCRACIA  
650 |a POLITICA GUBERNAMENTAL  
999 |c 16057  |d 16057